El gran tablero mundial: la supremacía estadounidense y sus imperativos geoestratégicos

Sparad:
Bibliografiska uppgifter
Huvudupphovsman: Brzezinski, Zbigniew (Författare, medförfattare)
Materialtyp: Bok
Språk:spanska
Publicerad: Barcelona Paidós 1998
Upplaga:1a. ed
Serie:Paidós Estado y Sociedad, 63
Ämnen:
Taggar: Lägg till en tagg
Inga taggar, Lägg till första taggen!

MARC

LEADER 00000nam a2200000 a 4500
001 UCN2603
003 CL-VaPUC
005 20240517130656.0
008 010530e19980000SP |||||||||||||||||spa|d
999 |c 295657  |d 295655 
020 |a 8449306248 
040 |c Pontificia Universidad Católica de Valparaíso 
082 0 4 |a 320.973  |b BRZ  |2 21 
100 |a Brzezinski, Zbigniew  |e author  |9 499691 
245 1 3 |a El gran tablero mundial: la supremacía estadounidense y sus imperativos geoestratégicos 
250 |a 1a. ed 
260 |a Barcelona  |b Paidós  |c 1998 
300 |a 229 p 
490 0 |a Paidós Estado y Sociedad, 63 
583 |a last modification  |c 20010530 00:00:00  |k Rodrigo Vera 
650 0 |a Geopolítica  |z Estados Unidos  |9 458644  |x Historia  |y Siglo 20 
650 0 |a Poder (Ciencias sociales)  |9 255509 
650 0 |a Relaciones Internacionales  |9 255740  |y Siglo 20 
651 0 |a Estados Unidos  |9 255178  |x Relaciones exteriores  |y Siglo 20 
651 0 |a Eurasia  |x Aspectos políticos  |y Siglo 20  |9 888999 
942 |c BK  |2 ddc 
945 |d 20010530 00:00:00  |a cmena 
952 |0 0  |1 0  |2 ddc  |4 0  |6 320_973000000000000_BRZ_1998  |7 1  |8 R  |9 348954  |a BIBHIS  |b BIBHIS  |d 2019-11-20  |i 3730395  |o 320.973 BRZ 1998  |p 3730395  |r 2024-01-30  |w 2019-11-20  |y BK_R  |k HIS 
952 |0 0  |1 0  |4 0  |6 320_973000000000000_BRZ_1998  |7 0  |8 R  |9 348955  |a BIBHIS  |b BIBHIS  |d 2019-11-20  |i 4572971  |l 1  |o 320.973 BRZ 1998  |p 4572971  |r 2024-08-14  |s 2024-08-12  |w 2019-11-20  |y BK_R  |k HIS